| Tag |
First Indicator |
Second Indicator |
Subfields |
| LEADER |
00000nam a2200000 4500 |
| 001 |
in00004282813 |
| 005 |
20200813080339.0 |
| 006 |
m g d |
| 007 |
cr bn |||a|bb| |
| 008 |
940126s1649 enk o 00| | eng d |
| 035 |
|
|
|a (UnM)99865208
|
| 037 |
|
|
|a CL0051000003
|b ProQuest Information and Learning. 300 N. Zeeb Rd., Ann Arbor, MI 48106
|
| 040 |
|
|
|a Cu-RivES
|c Cu-RivES
|d CStRLIN
|e dcrb
|d WaOLN
|
| 100 |
1 |
|
|a Fairfax, Thomas Fairfax,
|c Baron,
|d 1612-1671.
|
| 245 |
1 |
2 |
|a A warrant of the Lord General Fairfax to the Marshall Generall of the Army, :
|b to put in execution the former ordinances & orders of Parliament, and act of Common Councell, concerning the regulating of printing, and dispersing of scandalous pamphlets. Whereunto is annexed the said ordinances and orders.
|
| 260 |
|
|
|a London :
|b Printed by John Macock, for John Partridge,
|c MDCXLIX.[1649]
|
| 300 |
|
|
|a 1 online resource (15, [1] pages)
|
| 336 |
|
|
|a text
|b txt
|2 rdacontent
|
| 337 |
|
|
|a computer
|b c
|2 rdamedia
|
| 338 |
|
|
|a online resource
|b cr
|2 rdacarrier
|
| 500 |
|
|
|a Annotation on Thomason copy: "Jan: 11th.".
|
| 500 |
|
|
|a Reproduction of the original in the British Library.
|
| 510 |
4 |
|
|a Wing (2nd edition)
|c F253.
|
| 510 |
4 |
|
|a Thomason
|c E.538[1].
|
| 533 |
|
|
|a Electronic reproduction.
|b Ann Arbor, Mich. :
|c UMI,
|d 1999-
|f (Early English books online)
|n Digital version of: (Thomason Tracts ; 83:E538[1])
|7 s1999 miun s
|
| 650 |
|
0 |
|a Freedom of the press
|z England
|v Early works to 1800.
|
| 650 |
|
0 |
|a Censorship
|z England
|v Sources
|v Early works to 1800.
|
| 650 |
|
0 |
|a Press law
|z Great Britain
|v Early works to 1800.
|
| 651 |
|
4 |
|a Great Britain
|x History
|y Civil War, 1642-1649
|v Early works to 1800.
|
| 700 |
1 |
|
|a Lawrence, Richard,
|d d. 1684.
|
| 830 |
|
0 |
|a Early English books online.
|
| 856 |
4 |
0 |
|u http://proxy.library.tamu.edu/login?url=https://search.proquest.com/docview/2240924252
|z Connect to the full text of this electronic book
|t 0
|
| 999 |
f |
f |
|s a3be38fc-b0f6-3c0d-80f3-ae3f82077901
|i 1d5c14f3-0ce9-37f5-9889-a2d40a81f88e
|t 0
|
| 952 |
f |
f |
|a Texas A&M University
|b College Station
|c Electronic Resources
|d Available Online
|t 0
|h No information provided
|
| 998 |
f |
f |
|t 0
|l Available Online
|